[Event "GER Cup Net V3 U2000"]
[Site "Playchess.com INT"]
[Date "2020.05.27"]
[Round "4"]
[White "Grund, Erwin"]
[Black "Kestler, Martin"]
[Result "0-1"]
[WhiteElo "1677"]
[BlackElo "1958"]
[PlyCount "184"]
[EventDate "2020.05.27"]
[EventType "swiss (blitz)"]
[EventRounds "9"]
[EventCountry "GER"]
[SourceTitle "EXT 2021"]
[Source "ChessBase"]
[SourceDate "2020.10.23"]
[SourceVersion "1"]
[SourceVersionDate "2020.10.23"]
[SourceQuality "1"]

1. e4 d6 2. d4 Nf6 3. Bd3 g6 4. c3 Bg7 5. Qe2 0-0 6. Bg5 c6 7. Nd2 Qa5 8. Be3 Nbd7 9. f3 e5 10. Nc4 Qc7 11. Qd2 b5 12. Na3 a5 13. Nc2 Bb7 14. Ne2 d5 15. 0-0 Rad8 16. Bg5 Rfe8 17. exd5 exd4 18. Ncxd4 Ne5 19. dxc6 Bxc6 20. Bf4 Nd5 21. Bxe5 Bxe5 22. f4 Bxd4+ 23. Nxd4 Ne3 24. Rf2 b4 25. Re1 bxc3 26. bxc3 Ng4 27. Rxe8+ Rxe8 28. Re2 Rd8 29. h4 Bb7 30. Be4 Bxe4 31. Rxe4 Rc8 32. Ne2 Qc5+ 33. Qd4 f5 34. Qxc5 Rxc5 35. Ra4 Kf7 36. Ra3 Ne3 37. Nd4 Nd5 38. Ne2 Kf6 39. g3 h6 40. Kf2 g5 41. fxg5+ hxg5 42. h5 Kg7 43. Rb3 Kh6 44. Rb8 Kxh5 45. Rh8+ Kg4 46. Ra8 f4 47. gxf4 Nxf4 48. Re8 Nxe2 49. Kxe2 Rxc3 50. Re4+ Kf5 51. Ra4 Rc5 52. Kf3 Re5 53. Kg3 Ke6 54. Kg4 Kd6 55. Kf3 Kc6 56. Rg4 Kb5 57. a4+ Kc5 58. Kf2 Kd6 59. Rc4 Ke6 60. Kg3 Kf5 61. Rc8 Ke4 62. Rc4+ Kd3 63. Rg4 Kc3 64. Kf3 Kb3 65. Kf2 Rc5 66. Ke2 Rd5 67. Ke3 Rc5 68. Kd2 Rc2+ 69. Kd3 Rc3+ 70. Kd2 Rc4 71. Rxg5 Kxa4 72. Kd3 Rc6 73. Rg4+ Ka3 74. Rg2 a4 75. Kd2 Ka2 76. Kd1+ Kb3 77. Rg3+ Kb2 78. Rg2+ Kb1 79. Rg4 a3 80. Rb4+ Ka2 81. Kd2 Ka1 82. Kd1 a2 83. Kd2 Rc5 84. Rb3 Rc4 85. Rh3 Rb4 86. Rh1+ Rb1 87. Rh3 Kb2 88. Rh4 a1Q 89. Rb4+ Ka3 90. Rxb1 Qxb1 91. Kc3 Qb3+ 92. Kd4 Qc2 0-1

[Event "GER Cup Net V3 U2000"]
[Site "Playchess.com INT"]
[Date "2020.05.27"]
[Round "8"]
[White "Grund, Erwin"]
[Black "Ochmann, Reimund"]
[Result "1-0"]
[WhiteElo "1677"]
[BlackElo "1760"]
[PlyCount "71"]
[EventDate "2020.05.27"]
[EventType "swiss (blitz)"]
[EventRounds "9"]
[EventCountry "GER"]
[SourceTitle "EXT 2021"]
[Source "ChessBase"]
[SourceDate "2020.10.23"]
[SourceVersion "1"]
[SourceVersionDate "2020.10.23"]
[SourceQuality "1"]

1. e4 e5 2. Nf3 Nc6 3. Bc4 Nf6 4. Ng5 d5 5. exd5 Na5 6. Bb5+ c6 7. dxc6 bxc6 8. Be2 h6 9. Nf3 e4 10. Ne5 Qd4 11. Ng4 Nxg4 12. Bxg4 e3 13. Bxc8 exf2+ 14. Kf1 Rxc8 15. Qe2+ Be7 16. Qxf2 Qc4+ 17. d3 Qg4 18. Nd2 Qd1+ 19. Qe1 Qxc2 20. Qe2 Rc7 21. Ne4 0-0 22. Qxc2 f5 23. Nc3 f4 24. Bd2 f3 25. g3 Nb7 26. Ne4 Kh8 27. Bc3 Nd8 28. Qd2 Kh7 29. Re1 Nf7 30. Qf4 Rcc8 31. Qg4 Ng5 32. Nxg5+ Bxg5 33. h4 f2 34. Re2 Rce8 35. hxg5 Rxe2 36. Qxe2 1-0

[Event "GER Cup Net V1 U2000"]
[Site "Playchess.com INT"]
[Date "2020.05.19"]
[Round "2"]
[White "Hoppe, Frank"]
[Black "Grund, Erwin"]
[Result "1-0"]
[WhiteElo "1810"]
[BlackElo "1620"]
[PlyCount "39"]
[EventDate "2020.05.19"]
[EventType "swiss (blitz)"]
[EventRounds "9"]
[EventCountry "GER"]
[SourceTitle "EXT 2021"]
[Source "ChessBase"]
[SourceDate "2020.10.23"]
[SourceVersion "1"]
[SourceVersionDate "2020.10.23"]
[SourceQuality "1"]

1. d4 d5 2. e4 dxe4 3. Nc3 Nf6 4. Bg5 Bf5 5. Qe2 Qxd4 6. Qb5+ Qd7 7. Qxb7 h6 8. Bxf6 exf6 9. Qxa8 Qc8 10. Bb5+ Bd7 11. Bxd7+ Kxd7 12. 0-0-0+ Bd6 13. Nxe4 Re8 14. Nxd6 cxd6 15. Qxa7+ Ke6 16. Nf3 Nc6 17. Rhe1+ Ne5 18. Nd4+ Kd5 19. Nf5+ Ke6 20. Nxg7# 1-0

[Event "Haid op 6th"]
[Site "Haid"]
[Date "2018.09.02"]
[Round "7"]
[White "Grund, Erwin"]
[Black "Woess, Helmut"]
[Result "1-0"]
[WhiteElo "1701"]
[BlackElo "1553"]
[PlyCount "115"]
[EventDate "2018.08.27"]
[EventType "swiss"]
[EventRounds "7"]
[EventCountry "AUT"]
[SourceTitle "CBM 186 Extra"]
[Source "ChessBase"]
[SourceDate "2018.08.24"]
[SourceVersion "1"]
[SourceVersionDate "2018.08.24"]
[SourceQuality "1"]

1. c4 e6 2. Nc3 d5 3. cxd5 exd5 4. d4 Nf6 5. g3 c6 6. Bg2 Bf5 7. Nf3 h6 8. Qb3 Qb6 9. 0-0 Qxb3 10. axb3 Bb4 11. Ra4 a5 12. Bf4 0-0 13. Nd2 Re8 14. Re1 Nbd7 15. Raa1 Nb6 16. Na2 Bf8 17. f3 Nbd7 18. g4 Bh7 19. h4 c5 20. e3 b5 21. Bh3 Ra7 22. g5 hxg5 23. hxg5 Nh5 24. Bh2 f6 25. Bg4 Bg6 26. f4 f5 27. Bf3 Nb6 28. Nc3 cxd4 29. exd4 Rxe1+ 30. Rxe1 Re7 31. Re5 Rxe5 32. dxe5 b4 33. Nxd5 Bc5+ 34. Kf1 Nxd5 35. Bxd5+ Kf8 36. Ke2 Be8 37. Kf3 g6 38. Nc4 a4 39. bxa4 Bxa4 40. Ne3 Bd4 41. b3 Bb5 42. Bg1 Bd3 43. Bh2 Ke7 44. Nc4 Bxc4 45. Bxc4 Ng7 46. Bg3 Ne6 47. Be1 Bc3 48. Bf2 Kd7 49. Be3 Ke7 50. Ke2 Ba1 51. Kd3 Kd7 52. Bxe6+ Kxe6 53. Bd4 Bxd4 54. Kxd4 Kd7 55. Kc4 Ke6 56. Kxb4 Kd5 57. e6 Kxe6 58. Kc5 1-0

[Event "Hoersching op 5th"]
[Site "Hoersching"]
[Date "2017.08.30"]
[Round "3"]
[White "Dumancic, Pero"]
[Black "Grund, Erwin"]
[Result "1-0"]
[WhiteElo "2085"]
[BlackElo "1709"]
[PlyCount "91"]
[EventDate "2017.08.28"]
[EventType "swiss"]
[EventRounds "7"]
[EventCountry "AUT"]
[SourceTitle "CBM 180 Extra"]
[Source "ChessBase"]
[SourceDate "2017.10.06"]
[SourceVersion "1"]
[SourceVersionDate "2017.10.06"]
[SourceQuality "1"]

1. e4 e6 2. d4 d5 3. Nd2 c5 4. c3 dxe4 5. Nxe4 cxd4 6. Qa4+ Bd7 7. Qxd4 Nc6 8. Qd1 Nf6 9. Nd6+ Bxd6 10. Qxd6 Qe7 11. Bf4 e5 12. Qxe7+ Kxe7 13. Be3 b6 14. Ba6 Nd5 15. Bd2 f5 16. Ne2 e4 17. Ng3 g6 18. 0-0-0 h6 19. Bxh6 Rxh6 20. Rxd5 Be6 21. Rd2 Rb8 22. Bb5 Ne5 23. b3 Rc8 24. Kb2 Ng4 25. h3 e3 26. fxe3 Nxe3 27. Re1 f4 28. Nf1 Nxf1 29. Bxf1 g5 30. Bc4 Rf6 31. Rde2 Rc6 32. Bd5 Rd6 33. c4 Kd7 34. Bxe6+ Rfxe6 35. Rxe6 Rxe6 36. Rxe6 Kxe6 37. Kc3 Ke5 38. Kd3 Kf5 39. b4 Ke5 40. b5 Kf5 41. Kd4 g4 42. hxg4+ Kxg4 43. a4 Kf5 44. Kd5 Kg4 45. c5 bxc5 46. a5 1-0

[Event "Hoersching op 5th"]
[Site "Hoersching"]
[Date "2017.08.28"]
[Round "1"]
[White "Sandhoefner, Florian"]
[Black "Grund, Erwin"]
[Result "1-0"]
[WhiteElo "2285"]
[BlackElo "1709"]
[PlyCount "73"]
[EventDate "2017.08.28"]
[EventType "swiss"]
[EventRounds "7"]
[EventCountry "AUT"]
[SourceTitle "CBM 180 Extra"]
[Source "ChessBase"]
[SourceDate "2017.10.06"]
[SourceVersion "1"]
[SourceVersionDate "2017.10.06"]
[SourceQuality "1"]

1. e4 e6 2. d4 d5 3. Nd2 c5 4. exd5 cxd4 5. Bb5+ Bd7 6. dxe6 fxe6 7. Bd3 Nf6 8. Ngf3 Nc6 9. 0-0 Bc5 10. Nb3 Bb6 11. Bb5 0-0 12. Bxc6 Bxc6 13. Nfxd4 Qd5 14. Nxc6 Qxc6 15. Qe2 Ne4 16. Be3 Bxe3 17. Qxe3 e5 18. c3 Rf5 19. Rad1 b6 20. f3 Ng5 21. Qd2 Raf8 22. Qd5+ Qxd5 23. Rxd5 e4 24. Rxf5 Rxf5 25. h4 Nf7 26. fxe4 Rxf1+ 27. Kxf1 Ne5 28. Nd2 Kf7 29. Ke2 Ke6 30. Ke3 h6 31. b3 Nf7 32. a3 g5 33. hxg5 Nxg5 34. Nf3 Nf7 35. Nd4+ Kf6 36. Nc6 Nd6 37. e5+ 1-0

[Event "Hoersching op 4th"]
[Site "Hoersching"]
[Date "2016.08.29"]
[Round "1"]
[White "Mostbauer, Florian"]
[Black "Grund, Erwin"]
[Result "1-0"]
[WhiteElo "2257"]
[BlackElo "1753"]
[PlyCount "55"]
[EventDate "2016.08.29"]
[EventType "swiss"]
[EventRounds "7"]
[EventCountry "AUT"]
[SourceTitle "CBM 174 Extra"]
[Source "ChessBase"]
[SourceDate "2016.10.10"]
[SourceVersion "1"]
[SourceVersionDate "2016.10.10"]
[SourceQuality "1"]

1. d4 e6 2. Bf4 Nf6 3. e3 d5 4. Bd3 Bd6 5. Bxd6 Qxd6 6. Nd2 c5 7. c3 c4 8. Bc2 Bd7 9. f4 Bc6 10. Ngf3 Ng4 11. Qe2 Nd7 12. h3 Ngf6 13. Ne5 Ne4 14. Nxe4 dxe4 15. Nxc4 Qc7 16. Ne5 Nxe5 17. fxe5 a6 18. 0-0 0-0-0 19. Rf4 h5 20. c4 g5 21. Rf6 b5 22. cxb5 Bxb5 23. Qf2 Rdf8 24. Bxe4 Kb8 25. a4 Be8 26. Qd2 Qe7 27. Rc1 Bxa4 28. Qa5 1-0

[Event "Erfurt HT op 24th"]
[Site "Erfurt"]
[Date "2014.12.30"]
[Round "8"]
[White "Grund, Erwin"]
[Black "Siebarth, Marco"]
[Result "1/2-1/2"]
[WhiteElo "2046"]
[BlackElo "2037"]
[PlyCount "82"]
[EventDate "2014.12.26"]
[EventType "swiss"]
[EventRounds "8"]
[EventCountry "GER"]
[SourceTitle "EXT 2016"]
[Source "ChessBase"]
[SourceDate "2015.10.08"]
[SourceVersion "1"]
[SourceVersionDate "2015.10.08"]
[SourceQuality "1"]

1. f4 d5 2. Nf3 c5 3. e3 Nc6 4. b3 e6 5. Bb2 f6 6. Bb5 Nge7 7. 0-0 b6 8. Bxc6+ Nxc6 9. d3 Bd6 10. Nbd2 0-0 11. a3 Bd7 12. Qe1 Qe7 13. Qh4 Rae8 14. Rae1 f5 15. Qxe7 Rxe7 16. Ne5 Nxe5 17. Bxe5 Bxe5 18. fxe5 b5 19. Nf3 Rc8 20. Rc1 Bc6 21. d4 c4 22. b4 Ra8 23. c3 a5 24. Rc2 axb4 25. axb4 Rea7 26. Ng5 Bd7 27. h4 h6 28. Nh3 g6 29. Kf2 Ra2 30. Rfc1 R8a3 31. Kf3 Be8 32. Nf4 Kg7 33. Nh3 Bf7 34. Kf4 Bg8 35. Kf3 Rxc2 36. Rxc2 Ra1 37. Kf2 Kf7 38. Ke2 Bh7 39. Kd2 Ke7 40. Rc1 Ra2+ 41. Rc2 Ra1 1/2-1/2

[Event "Siebenlehn op 13th"]
[Site "Siebenlehn"]
[Date "2012.12.29"]
[Round "6"]
[White "Peredy, Ferenc"]
[Black "Grund, Erwin"]
[Result "1-0"]
[WhiteElo "2175"]
[BlackElo "1874"]
[PlyCount "89"]
[EventDate "2012.12.27"]
[EventType "swiss"]
[EventRounds "7"]
[EventCountry "GER"]
[SourceTitle "EXT 2014"]
[Source "ChessBase"]
[SourceDate "2013.11.20"]
[SourceVersion "1"]
[SourceVersionDate "2013.11.20"]
[SourceQuality "1"]

1. d4 d5 2. c4 c6 3. e3 e6 4. Bd3 f5 5. Qc2 Nf6 6. Nc3 Na6 7. a3 Nc7 8. Nf3 Bd6 9. c5 Be7 10. Ne5 0-0 11. 0-0 Ne4 12. Ne2 Bf6 13. f3 Ng5 14. Bd2 Ne8 15. b4 Qc7 16. Rfc1 Nf7 17. f4 a6 18. a4 Bd7 19. Qb3 g5 20. b5 axb5 21. axb5 Rxa1 22. Rxa1 gxf4 23. exf4 Bxe5 24. fxe5 cxb5 25. Bxb5 Bc6 26. Nf4 Ng7 27. Bxc6 Qxc6 28. Rb1 Rb8 29. Be1 Ng5 30. Bh4 Ne4 31. Qb5 Qc8 32. Qb6 Ra8 33. h3 Ra4 34. Qxb7 Qxb7 35. Rxb7 Nxc5 36. dxc5 Rxf4 37. c6 Rxh4 38. c7 Rc4 39. Rb8+ Kf7 40. c8Q Rxc8 41. Rxc8 f4 42. Kf2 Nf5 43. Kf3 Nh4+ 44. Kxf4 Nxg2+ 45. Kg5 1-0